000 00747nas a2200253 i 4500
001 2115
003 ES-MaACL
005 20250804062723.0
007 t|
008 950801c1893 fr | | 1 ||re d
022 _a0035-1571
245 0 0 _aRevue de Métaphysique et de Morale.
260 _aParis :
_bArmand Colin,
_c1893- (
_eCoulommiers :
_fPaul Brodard)
300 _a51 v. ;
_c25 cm.
310 _aTrimestral
321 _aBimestral,
_b1893-1919
362 0 _aAño I (ener.1893)-
525 _aLos suplementos van encuadernados junto con la revista.
650 1 7 _aFilosofía
_2embne
_912802
852 _aES-MaACL
_jHem-741
866 0 _o1900,1902,1904-1934,(1936f.n.1y4),1948-1966,1976
942 _2udc
999 _c2115
_d2115